000 00419nam a2200145Ia 4500
008 151213s9999 xx 000 0 und d
100 _aWilliam Shakespeare
245 _aThe Globals Illustrated Shakespeare the Complete Works Annotated
_cWilliam Shakespeare
260 _aNew York
_bGramndy Books
_c1979
300 _a3166 p.
650 _aEnglish
650 _aEnglish
700 _aWilliam Shakespeare
999 _c2191
_d2191